Rodin (Record no. 44277)

MARC details
000 -LEADER
campo de control de longitud fija 00742nam a2200217 i 4500
001 - NÚMERO DE CONTROL
campo de control 44277
003 - IDENTIFICADOR DE NÚMERO DE CONTROL
campo de control ES-MaACL
005 - FECHA Y HORA DE LA ÚLTIMA TRANSACCIÓN
campo de control 20250910173447.0
007 - CAMPO FIJO DE DESCRIPCIÓN FÍSICA--INFORMACIÓN GENERAL
campo de control de longitud fija t|
008 - DATOS DE LONGITUD FIJA--INFORMACIÓN GENERAL
campo de control de longitud fija 030321s1954 sp ||||1| spa d
100 1# - ENTRADA PRINCIPAL--NOMBRE DE PERSONA
Nombre de persona Cladel, Judith.
9 (RLIN) 38966
245 10 - MENCIÓN DEL TÍTULO
Título Rodin
Resto del título : su vida gloriosa : su vida desconocida /
Mención de responsabilidad, etc. Judith Cladel ; traducción del francés por J. B. Xuriguera.
260 ## - PUBLICACIÓN, DISTRIBUCIÓN, ETC.
Lugar de publicación, distribución, etc. Barcelona :
Nombre del editor, distribuidor, etc. Iberia,
Fecha de publicación, distribución, etc. [1954] (
Fabricante Rafael Salvá)
300 ## - DESCRIPCIÓN FÍSICA
Extensión 520 p., 3 lám. ;
Dimensiones 19 cm.
490 1# - MENCIÓN DE SERIE
Mención de serie La estrella del mar
600 14 - PUNTO DE ACCESO ADICIONAL DE MATERIA--NOMBRE DE PERSONA
Nombre de persona Rodin, Auguste-
Subdivisión general Biografías.
9 (RLIN) 98145
700 1# - ENTRADA AGREGADA--NOMBRE PERSONAL
Nombre de persona Xuriguera, Joan Baptista (
Fechas asociadas al nombre 1908-1987)
9 (RLIN) 117525
830 0# - PUNTO DE ACCESO ADICIONAL DE SERIE-TÍTULO UNIFORME
Título uniforme La estrella del mar
9 (RLIN) 186683
852 ## - LOCALIZACIÓN
Ubicación ES-MaACL
Número de control de estantería C-6909
Sublocalización o colección R.35951
Holdings
Estatus retirado Estado de pérdida Estado de daño No para préstamo Biblioteca de origen Biblioteca actual Ubicación en estantería Fecha de adquisición Fuente de adquisición Total de préstamos Signatura topográfica completa Código de barras Visto por última vez Precio de reemplazo Tipo de ítem Koha
        Biblioteca del Ateneo de Madrid Biblioteca del Ateneo de Madrid Sala Palomar 17/01/2008     C-6909 1046597 23/02/2023 23/02/2023 Libro impreso